<?xml version="1.0" encoding="UTF-8"?>
<collection xmlns="http://www.loc.gov/MARC21/slim">
 <record>
  <leader>01214nam a2200397   4500</leader>
  <controlfield tag="001">DLU030025244</controlfield>
  <controlfield tag="005">##20020520173000.0</controlfield>
  <controlfield tag="008">##010522c19959999mnuar     l   0    0eng c</controlfield>
  <datafield tag="010" ind1="#" ind2="#">
   <subfield code="a">   00234159 </subfield>
   <subfield code="z">   95018567 </subfield>
   <subfield code="z">   96009127 </subfield>
   <subfield code="z">   97224376 </subfield>
   <subfield code="z">   98027910 </subfield>
   <subfield code="z">   00702280 </subfield>
  </datafield>
  <datafield tag="035" ind1="#" ind2="#">
   <subfield code="a">(OCoLC)ocm45033395</subfield>
  </datafield>
  <datafield tag="040" ind1="#" ind2="#">
   <subfield code="a">MH-L</subfield>
   <subfield code="c">MH-L</subfield>
   <subfield code="d">OCoLC</subfield>
   <subfield code="d">DLC</subfield>
  </datafield>
  <datafield tag="042" ind1="#" ind2="#">
   <subfield code="a">lc</subfield>
  </datafield>
  <datafield tag="043" ind1="#" ind2="#">
   <subfield code="a">n-us---</subfield>
  </datafield>
  <datafield tag="050" ind1="#" ind2="#">
   <subfield code="a">KF914</subfield>
   <subfield code="b">.C595</subfield>
  </datafield>
  <datafield tag="082" ind1="#" ind2="#">
   <subfield code="a">346.02</subfield>
   <subfield code="b">Con</subfield>
  </datafield>
  <datafield tag="245" ind1="#" ind2="#">
   <subfield code="a">Contract law :</subfield>
   <subfield code="b">Selected source materials.</subfield>
  </datafield>
  <datafield tag="260" ind1="#" ind2="#">
   <subfield code="a">St. Paul, Minn. :</subfield>
   <subfield code="b">West Pub. Co.,</subfield>
   <subfield code="c">c1997</subfield>
  </datafield>
  <datafield tag="300" ind1="#" ind2="#">
   <subfield code="a">v. :</subfield>
   <subfield code="b">forms ;</subfield>
   <subfield code="c">26 cm.</subfield>
  </datafield>
  <datafield tag="310" ind1="#" ind2="#">
   <subfield code="a">Annual</subfield>
  </datafield>
  <datafield tag="362" ind1="#" ind2="#">
   <subfield code="a">[3rd ed.]-</subfield>
  </datafield>
  <datafield tag="500" ind1="#" ind2="#">
   <subfield code="a">Edited by: S.J. Burton, 1995; with: M.A. Eisenberg, 1996-</subfield>
  </datafield>
  <datafield tag="500" ind1="#" ind2="#">
   <subfield code="a">Published: St. Paul, Minn. : West Group, 1999-</subfield>
  </datafield>
  <datafield tag="515" ind1="#" ind2="#">
   <subfield code="a">Editions for 1996-1998 identified by number; 1999- by year.</subfield>
  </datafield>
  <datafield tag="650" ind1="#" ind2="#">
   <subfield code="a">Contracts</subfield>
   <subfield code="z">United States.</subfield>
  </datafield>
  <datafield tag="650" ind1="#" ind2="#">
   <subfield code="a">Sales</subfield>
   <subfield code="z">United States.</subfield>
  </datafield>
  <datafield tag="700" ind1="#" ind2="#">
   <subfield code="a">Burton, Steven J.</subfield>
  </datafield>
  <datafield tag="700" ind1="#" ind2="#">
   <subfield code="a">Eisenberg, Melvin Aron.</subfield>
  </datafield>
  <datafield tag="850" ind1="#" ind2="#">
   <subfield code="a">DLC</subfield>
  </datafield>
  <datafield tag="994" ind1="#" ind2="#">
   <subfield code="a">DLU</subfield>
  </datafield>
  <datafield tag="900" ind1="#" ind2="#">
   <subfield code="a">True</subfield>
  </datafield>
  <datafield tag="911" ind1="#" ind2="#">
   <subfield code="a">Lê Thị Mạnh Xuân </subfield>
  </datafield>
  <datafield tag="925" ind1="#" ind2="#">
   <subfield code="a">G</subfield>
  </datafield>
  <datafield tag="926" ind1="#" ind2="#">
   <subfield code="a">A</subfield>
  </datafield>
  <datafield tag="927" ind1="#" ind2="#">
   <subfield code="a">SH</subfield>
  </datafield>
  <datafield tag="980" ind1="#" ind2="#">
   <subfield code="a">Thư viện Trường Đại học Đà Lạt</subfield>
  </datafield>
 </record>
</collection>
